000 00600nam a2200145Ia 4500
008 171212s9999 xx 000 0 und d
020 _a9781921313608
100 _aLal, Brij V.
245 _cLal, Brij V.
_aA Time Bomb Lies Buried
_bFiji's Road to Independence, 1960-1970
260 _bANU E Press
_c2008
440 _aState, Society and Governance in Melanesia
650 _aFiji -- History -- Autonomy and independence movements; Fiji -- Politics and government -- 20th century; Fiji -- History -- 20th century
650 _aPolitical Science
856 _uwww.jstor.org/stable/10.2307/j.ctt24h3qt
999 _c350975
_d350975